[Event "TOP 16 Jeunes "]
[Site "Agneaux"]
[Date "2010.05.23"]
[Round "9.3"]
[White "Rouffignac, Tanguy"]
[Black "Bellahcene, Rayane"]
[Result "0-1"]
[WhiteElo "1897"]
[BlackElo "1789"]
[PlyCount "94"]
[EventDate "2010.05.23"]
[EventType "team-match"]
[EventCountry "FRA"]

1. e4 c5 2. Nf3 e6 3. Nc3 Nc6 4. d4 cxd4 5. Nxd4 a6 6. Be3 Qc7 7. f4 Nge7 8.
Qf3 Nxd4 9. Bxd4 b5 10. O-O-O Nc6 11. Bf2 Bb7 12. Qe3 Rc8 13. Rd2 Na5 14. Be2
b4 15. Nd5 Bxd5 16. exd5 b3 17. dxe6 dxe6 18. a3 Bd6 19. g3 bxc2 20. Bxa6 Qc6
21. Bxc8 Qxh1+ 22. Kxc2 Nc4 23. Qd4 Qc6 24. Qc3 Qxc8 25. Rd4 Nxa3+ 26. bxa3 Ke7
27. Qxc8 Rxc8+ 28. Kb3 Rb8+ 29. Ka2 f6 30. Be1 e5 31. Rc4 Ke6 32. Bb4 Bxb4 33.
axb4 Kd5 34. Kb3 e4 35. f5 e3 36. Rc5+ Kd4 37. Rc7 Re8 38. Rd7+ Ke4 39. Rd1 e2
40. Re1 Kf3 41. b5 Kf2 42. Rxe2+ Kxe2 43. Kc4 Kf3 44. b6 Kg2 45. Kc5 Kxh2 46.
b7 Rb8 47. Kc6 Kxg3 0-1

[Event "TOP 16 Jeunes "]
[Site "Agneaux"]
[Date "2010.05.23"]
[Round "9.4"]
[White "Fischer, Julie"]
[Black "Pruvost, Louis"]
[Result "1/2-1/2"]
[WhiteElo "1741"]
[BlackElo "1907"]
[PlyCount "129"]
[EventDate "2010.05.23"]
[EventType "team-match"]
[EventCountry "FRA"]

1. c4 e6 2. g3 d5 3. cxd5 exd5 4. Bg2 Nf6 5. d3 Bd6 6. Bg5 c6 7. Nd2 O-O 8. e4
Re8 9. Ne2 Be7 10. O-O Nbd7 11. Kh1 h6 12. Be3 Bc5 13. Bxc5 Nxc5 14. Qc2 Ne6
15. e5 Nd7 16. f4 Nb6 17. f5 Nc7 18. d4 Nd7 19. Nf4 Nf8 20. Nb3 Qg5 21. Nh3 Qd8
22. Qd2 Nh7 23. f6 g5 24. Qd1 g4 25. Nf2 h5 26. Qd2 Kh8 27. Qh6 Rg8 28. Qxh5
Rg5 29. Qh4 Qg8 30. Nd3 Ne6 31. Nf4 Nef8 32. Qh6 Bf5 33. h4 gxh3 34. Nxh3 Bxh3
35. Bxh3 Rxg3 36. Rg1 Qg6 37. Qxg6 Rxg6 38. Rxg6 Nxg6 39. Bf5 Nh4 40. Rf1 Nxf5
41. Rxf5 Rg8 42. Rh5 b6 43. Kh2 Rg6 44. a4 Kg8 45. a5 Ng5 46. axb6 axb6 47. Nd2
Ne6 48. Rh4 c5 49. Nb3 c4 50. Nc1 Kf8 51. Rh8+ Rg8 52. Rxg8+ Kxg8 53. Ne2 b5
54. Kg3 b4 55. Kf2 Kf8 56. Ke1 Ke8 57. Kd2 Kd7 58. Kc2 Kc6 59. Kb1 Kb5 60. Kc1
Ka5 61. Kb1 Kb6 62. Kc1 Kc6 63. Kd2 Kd7 64. Kc2 Kc6 65. Kd2 1/2-1/2

[Event "TOP 16 Jeunes "]
[Site "Agneaux"]
[Date "2010.05.23"]
[Round "9.5"]
[White "Guo, Louis"]
[Black "Bellahcene, Billel"]
[Result "0-1"]
[WhiteElo "1559"]
[BlackElo "2119"]
[PlyCount "71"]
[EventDate "2010.05.23"]
[EventType "team-match"]
[EventCountry "FRA"]

1. e4 c5 2. Nc3 Nc6 3. d3 g6 4. Be3 d6 5. g3 Bg7 6. Bg2 Nf6 7. h3 O-O 8. Nf3
Rb8 9. a4 e5 10. O-O Nd4 11. Kh2 a6 12. a5 Nc6 13. Bg5 h6 14. Bxf6 Bxf6 15. Nd5
Bg7 16. Qd2 Be6 17. Nb6 f5 18. Nh4 Qf6 19. Bf3 Nd4 20. Bh1 g5 21. Nxf5 Nxf5 22.
exf5 Qxf5 23. Bg2 Rbd8 24. Nd5 Qf7 25. Nc3 d5 26. Rae1 Qc7 27. Qe2 Qxa5 28. Nd1
Qc7 29. c3 Kh8 30. c4 dxc4 31. dxc4 Rd4 32. b3 Qb6 33. Be4 Rd7 34. Qe3 Qd6 35.
Nb2 Bf7 36. Qc3 {Suite illisible} 0-1

[Event "TOP 16 Jeunes "]
[Site "Agneaux"]
[Date "2010.05.23"]
[Round "9.6"]
[White "Pluvinage, Jerome"]
[Black "Guerlach, Keigo"]
[Result "0-1"]
[WhiteElo "1580"]
[BlackElo "1631"]
[PlyCount "44"]
[EventDate "2010.05.23"]
[EventType "team-match"]
[EventCountry "FRA"]

1. c4 c6 2. d4 d5 3. cxd5 cxd5 4. Nc3 Bf5 5. Qb3 Nc6 6. e3 Qd7 7. Qxd5 Qxd5 8.
Nxd5 O-O-O 9. Bc4 Na5 10. Nxe7+ Bxe7 11. Bxf7 Bb4+ 12. Bd2 Bxd2+ 13. Kxd2 Nf6
14. Nf3 Rhf8 15. Ne5 Nd7 16. Nxd7 Bxd7 17. Rac1+ Kb8 18. Bd5 Rxf2+ 19. Ke1 Rxb2
20. e4 Rf8 21. Rf1 Rxf1+ 22. Kxf1 Rd2 0-1

[Event "TOP 16 Jeunes "]
[Site "Agneaux"]
[Date "2010.05.23"]
[Round "9.8"]
[White "Mohammad, Fahim"]
[Black "Guerin, Juliette"]
[Result "1-0"]
[WhiteElo "1826"]
[BlackElo "1590"]
[PlyCount "90"]
[EventDate "2010.05.23"]
[EventType "team-match"]
[EventCountry "FRA"]

1. d4 d5 2. c4 e6 3. e3 Nf6 4. Nc3 Be7 5. Nf3 Nbd7 6. Bd3 c6 7. O-O dxc4 8.
Bxc4 b5 9. Bd3 a6 10. e4 c5 11. d5 e5 12. d6 Bxd6 13. Bxb5 Be7 14. Bc6 Rb8 15.
Nxe5 O-O 16. Nxd7 Bxd7 17. Bxd7 Nxd7 18. Qa4 a5 19. Rd1 Rb7 20. Nd5 Bh4 21. g3
Bg5 22. f4 Bh6 23. Qc6 Ra7 24. Be3 Nb8 25. Qxc5 Ra8 26. Ne7+ Qxe7 27. Qxe7 Nc6
28. Qc5 Rac8 29. Rac1 Rfe8 30. Rd6 Ne7 31. Qxa5 Rxc1+ 32. Bxc1 f6 33. Rd8 Rf8
34. Rxf8+ Kxf8 35. Qd8+ Kf7 36. e5 fxe5 37. fxe5 Bxc1 38. b4 Be3+ 39. Kg2 Kg6
40. Qxe7 Bg5 41. Qxg5+ Kxg5 42. b5 Kf5 43. b6 Kxe5 44. b7 Kd6 45. b8=Q+ Ke6 1-0

[Event "TOP 16 Jeunes "]
[Site "Agneaux"]
[Date "2010.05.23"]
[Round "9.8"]
[White "Schlagel, Nicolas"]
[Black "Mohammad, Fahim"]
[Result "0-1"]
[WhiteElo "1630"]
[BlackElo "1826"]
[PlyCount "112"]
[EventDate "2010.05.23"]
[EventType "team-match"]
[EventCountry "FRA"]

1. e4 c5 2. Nf3 d6 3. d4 cxd4 4. Nxd4 Nf6 5. Nc3 g6 6. Be2 Bg7 7. Be3 O-O 8.
O-O Nc6 9. f4 Nxd4 10. Bxd4 b6 11. Bf3 Bb7 12. Qd2 Rc8 13. Rad1 Rc4 14. Qe3 Qc7
15. b3 Rxd4 16. Rxd4 Rc8 17. Rd3 Ba6 18. Rfd1 Bxd3 19. Rxd3 Qc5 20. Qxc5 Rxc5
21. e5 Nh5 22. b4 Rc4 23. a3 Nxf4 24. Re3 Bxe5 25. Nd5 Nxd5 26. Bxd5 Rxc2 27.
Rf3 Bd4+ 28. Kf1 e6 29. Be4 Rc3 30. Rxc3 Bxc3 31. Ke2 d5 32. Bf3 f5 33. g4 d4
34. Kd3 e5 35. Bd5+ Kg7 36. gxf5 gxf5 37. h4 e4+ 38. Kc2 Be1 39. h5 d3+ 40. Kd1
d2 41. a4 Kf6 42. Bg8 h6 43. Bc4 Kg5 44. Be2 f4 45. Bf1 Kxh5 46. Bg2 f3 47. Bf1
Kg4 48. Kc2 e3 49. Kd1 h5 50. Bd3 e2+ 51. Bxe2 fxe2+ 52. Kxe2 h4 53. a5 h3 54.
a6 h2 55. b5 h1=Q 56. Kd1 Qf3+ 0-1

[Event "TOP 16 Jeunes "]
[Site "Agneaux"]
[Date "2010.05.23"]
[Round "9.1"]
[White "Thon, Gabriel"]
[Black "Sochacki, Christophe"]
[Result "0-1"]
[WhiteElo "2109"]
[BlackElo "2342"]
[PlyCount "64"]
[EventDate "2010.05.23"]
[EventType "team-match"]
[EventCountry "FRA"]

1. e4 c5 2. Nf3 d6 3. c3 Nf6 4. Be2 g6 5. O-O Bg7 6. Re1 O-O 7. Bf1 Nc6 8. d3
Bg4 9. h3 Bxf3 10. Qxf3 b5 11. d4 cxd4 12. Bxb5 Nd7 13. Qd1 Rc8 14. Bxc6 Rxc6
15. cxd4 Qb6 16. Nc3 Qxd4 17. Qxd4 Bxd4 18. Bh6 Bxc3 19. bxc3 Rb8 20. Rab1 Rxc3
21. Rxb8+ Nxb8 22. Rb1 Nc6 23. Rb7 f6 24. Rc7 Kf7 25. Be3 a5 26. Bb6 a4 27. Kf1
Ke6 28. Ke1 Rc4 29. Ke2 Rxe4+ 30. Kd3 Kd5 31. a3 Re1 32. Kc3 Rb1 0-1

[Event "TOP 16 Jeunes "]
[Site "Agneaux"]
[Date "2010.05.23"]
[Round "9.2"]
[White "Eden, James"]
[Black "Gueriche, Guillaume"]
[Result "1-0"]
[WhiteElo "2070"]
[BlackElo "2042"]
[PlyCount "89"]
[EventDate "2010.05.23"]
[EventType "team-match"]
[EventCountry "FRA"]

1. e4 c5 2. c3 Qa5 3. Nf3 Nc6 4. Bc4 d6 5. O-O Nf6 6. Re1 Bg4 7. Qb3 O-O-O 8.
Ng5 e6 9. Nxf7 d5 10. exd5 exd5 11. Nxd8 Qxd8 12. Bb5 Bd6 13. Bxc6 bxc6 14. d4
Bf5 15. dxc5 Ng4 16. cxd6 Qh4 17. d7+ Bxd7 18. Be3 Qxh2+ 19. Kf1 Qh1+ 20. Ke2
Qxg2 21. Bxa7 Qe4+ 22. Kd2 Qf4+ 23. Be3 Nxe3 24. fxe3 Qf2+ 25. Re2 Qf1 26. Qa4
Rf8 27. Na3 Qxa1 28. Qa8+ Kc7 29. Qxf8 Qxb2+ 30. Nc2 g6 31. Qf4+ Kc8 32. Qb4
Qxa2 33. Qa3 Qc4 34. Qf8+ Kb7 35. Qb4+ Qxb4 36. Nxb4 Kc7 37. Nd3 Kd6 38. Rf2
Bf5 39. Ne1 Ke7 40. Nf3 h6 41. Ne5 c5 42. c4 dxc4 43. Nxc4 Ke6 44. Kc3 g5 45.
Rh2 1-0

[Event "TOP 16 Jeunes "]
[Site "Agneaux"]
[Date "2010.05.23"]
[Round "9.3"]
[White "Malka, Samuel"]
[Black "Bayart, Jules"]
[Result "1/2-1/2"]
[WhiteElo "1904"]
[BlackElo "1810"]
[PlyCount "101"]
[EventDate "2010.05.23"]
[EventType "team-match"]
[EventCountry "FRA"]

1. d4 e6 2. c4 f5 3. Nc3 Nf6 4. e3 b6 5. Bd3 Bb7 6. Nf3 Bb4 7. O-O Bxc3 8. bxc3
O-O 9. Ba3 d6 10. c5 Ne4 11. cxd6 cxd6 12. Qb3 Rf6 13. Bxe4 Bxe4 14. Nd2 Bb7
15. f3 Rg6 16. Rf2 Nc6 17. Nc4 d5 18. Nd6 Na5 19. Qc2 Bc6 20. Raf1 Nc4 21. Nxc4
dxc4 22. e4 f4 23. Kh1 Qh4 24. Bd6 Rh6 25. h3 Bd7 26. Be5 Qg3 27. Qb2 Rf8 28.
Qb4 Qg6 29. Qxc4 Qe8 30. Qd3 Qc8 31. c4 Qa6 32. Rc2 g5 33. d5 Rg6 34. Ba1 exd5
35. Qxd5+ Be6 36. Qe5 Kf7 37. Rd1 Qc8 38. Rcd2 Bxh3 39. Rd6 Be6 40. Bb2 Rh6+
41. Kg1 Qc5+ 42. Qxc5 bxc5 43. Rc6 Rc8 44. Ra6 Rc7 45. Rdd6 Rg6 46. Be5 Rb7 47.
Rac6 Rb1+ 48. Kf2 Bxc4 49. g4 fxg3+ 50. Kxg3 Rxd6 51. Bxd6 1/2-1/2

[Event "TOP 16 Jeunes "]
[Site "Agneaux"]
[Date "2010.05.23"]
[Round "9.4"]
[White "Dumas, Charles"]
[Black "Bombail, Leonard"]
[Result "1/2-1/2"]
[WhiteElo "1787"]
[BlackElo "1746"]
[PlyCount "95"]
[EventDate "2010.05.23"]
[EventType "team-match"]
[EventCountry "FRA"]

1. e4 e5 2. Nf3 Nc6 3. Bc4 Bc5 4. c3 Qe7 5. d3 d6 6. O-O h6 7. d4 Bb6 8. d5 Nb8
9. a4 a5 10. Be3 Bxe3 11. fxe3 Nf6 12. Nbd2 Nbd7 13. Bb5 O-O 14. Bxd7 Bxd7 15.
Qe1 b5 16. axb5 Bxb5 17. c4 Bd7 18. Nh4 Ng4 19. Nf5 Qg5 20. Rf3 Rfb8 21. h3
Bxf5 22. exf5 Nf6 23. b3 Nd7 24. Ne4 Qe7 25. f6 Nxf6 26. Nxf6+ gxf6 27. Qh4 Kg7
28. Raf1 Rg8 29. Rxf6 Kf8 30. Rxf7+ Qxf7 31. Qxh6+ Rg7 32. Qh8+ Rg8 33. Rxf7+
Kxf7 34. Qh7+ Rg7 35. Qf5+ Kg8 36. c5 dxc5 37. Qxe5 Rb8 38. Qc3 Rb4 39. Qxc5
Rxb3 40. Qxa5 Rb1+ 41. Kf2 Rb2+ 42. Kf3 Rbxg2 43. Qa8+ Kh7 44. Qd8 R2g3+ 45.
Ke2 Rxh3 46. d6 cxd6 47. Qxd6 Rgg3 48. Qe7+ 1/2-1/2

[Event "TOP 16 Jeunes "]
[Site "Agneaux"]
[Date "2010.05.23"]
[Round "9.5"]
[White "Caslani, Nicolas"]
[Black "Rodriguez, Adrien"]
[Result "1/2-1/2"]
[WhiteElo "1559"]
[BlackElo "1856"]
[PlyCount "119"]
[EventDate "2010.05.23"]
[EventType "team-match"]
[EventCountry "FRA"]

1. e4 c5 2. Nf3 d6 3. d4 cxd4 4. Nxd4 Nf6 5. Nc3 Nc6 6. f3 e5 7. Nb3 Be6 8. Nd5
Bxd5 9. exd5 Nb4 10. Bg5 Qb6 11. Bxf6 gxf6 12. c3 Na6 13. Qd3 Bh6 14. Qb5+ Ke7
15. Qxb6 axb6 16. Nd2 Nc5 17. Bc4 Rhc8 18. b3 Na4 19. Ne4 b5 20. Bxb5 Nxc3 21.
Nxc3 Rxc3 22. O-O Rc5 23. Bc4 b5 24. Bd3 Be3+ 25. Kh1 h6 26. b4 Rc3 27. Bxb5
Rca3 28. Bc4 R3a4 29. Rab1 Bd2 30. Rfd1 Rxb4 31. Rxb4 Bxb4 32. g3 f5 33. Rb1
Bc5 34. Re1 Ra4 35. Bb3 Rb4 36. Kg2 e4 37. g4 Rd4 38. Re2 Kf6 39. gxf5 exf3+
40. Kxf3 Kxf5 41. Bc2+ Kf6 42. Bb3 Rd3+ 43. Kg4 Bd4 44. Bc2 Rc3 45. Bb3 Be3 46.
h3 Ke5 47. Kf3 Kd4 48. Kg4 Kd3 49. Re1 Kd2 50. Rf1 Rc7 51. Kf3 Re7 52. Rd1+ Kc3
53. Re1 Bg5 54. Rxe7 Bxe7 55. Kf4 Bg5+ 56. Kg4 Kd4 57. h4 f5+ 58. Kxf5 Bxh4 59.
Kg4 Bg5 60. Kf3 1/2-1/2

[Event "TOP 16 Jeunes "]
[Site "Agneaux"]
[Date "2010.05.23"]
[Round "9.6"]
[White "Fraval, Julie"]
[Black "Guedon, Sosthene"]
[Result "0-1"]
[WhiteElo "1648"]
[BlackElo "1591"]
[PlyCount "66"]
[EventDate "2010.05.23"]
[EventType "team-match"]
[EventCountry "FRA"]

1. e4 c5 2. Nf3 d6 3. d4 cxd4 4. Nxd4 Nf6 5. Nc3 g6 6. Be3 Bg7 7. f3 Nc6 8. Bc4
O-O 9. Qd2 Bd7 10. O-O-O Rc8 11. g4 Nxd4 12. Qxd4 Nxg4 13. Qd3 Nxe3 14. Qxe3
Rxc4 15. h4 Qa5 16. h5 Bxc3 17. bxc3 Qxc3 18. Qxc3 Rxc3 19. Rd3 Rfc8 20. Rxc3
Rxc3 21. hxg6 hxg6 22. Rf1 Ba4 23. Rf2 Kg7 24. Kb2 Rc5 25. c3 Kf6 26. Ka3 b5
27. Kb2 a5 28. a3 Rh5 29. Kc1 Ke5 30. Kd2 Kf4 31. Kd3 Rh3 32. Ke2 Bb3 33. Rf1
Bc4+ 0-1

[Event "TOP 16 Jeunes "]
[Site "Agneaux"]
[Date "2010.05.23"]
[Round "9.1"]
[White "Thinon, Lucas"]
[Black "Barbot, Pierre"]
[Result "0-1"]
[WhiteElo "1740"]
[BlackElo "2147"]
[PlyCount "130"]
[EventDate "2010.05.23"]
[EventType "team-match"]
[EventCountry "FRA"]

1. d4 d6 2. Bf4 g6 3. Nf3 Bg7 4. e4 Nf6 5. Nc3 c6 6. Be2 O-O 7. Qd2 Qa5 8. h3
Nbd7 9. O-O Re8 10. Bh2 b5 11. a3 Bb7 12. e5 dxe5 13. dxe5 Nd5 14. Nxd5 Qxd2
15. Nxd2 cxd5 16. Bxb5 Red8 17. Rfe1 e6 18. Nf3 a6 19. Ba4 Nc5 20. Bb3 Nxb3 21.
cxb3 d4 22. Nd2 Bd5 23. Rac1 Rab8 24. b4 a5 25. bxa5 Rxb2 26. Nc4 Ra2 27. Nb6
Bh6 28. Nxd5 Rxd5 29. Ra1 Rxa1 30. Rxa1 Rxa5 31. Kf1 Bd2 32. Ke2 Bc3 33. Ra2
Kf8 34. Kd3 Ke7 35. f4 Kd7 36. Bg1 Ra4 37. Bf2 Kc6 38. g3 Kd5 39. g4 h6 40. h4
h5 41. g5 Bb4 42. Bxd4 Rxa3+ 43. Rxa3 Bxa3 44. Be3 Bb2 45. Bd2 Ba3 46. Be3 Bb4
47. Bf2 Ba5 48. Bg3 Bb6 49. Be1 Bg1 50. Bg3 Bb6 51. Be1 Bd4 52. Bg3 Bg1 53. Be1
Kc5 54. Bg3 Kb4 55. Be1+ Kb3 56. Bg3 Ba7 57. Be1 Bb6 58. Bg3 Bg1 59. Be1 Kb2
60. Bg3 Kc1 61. Ke2 Kc2 62. Kf3 Kd2 63. Bf2 Bxf2 64. Kxf2 Kd3 65. Kf3 Kd4 0-1

[Event "TOP 16 Jeunes "]
[Site "Agneaux"]
[Date "2010.05.23"]
[Round "9.2"]
[White "Bapst, Valentin"]
[Black "Domenech, Vianney"]
[Result "1/2-1/2"]
[WhiteElo "1857"]
[BlackElo "2055"]
[PlyCount "102"]
[EventDate "2010.05.23"]
[EventType "team-match"]
[EventCountry "FRA"]

1. e4 d5 2. exd5 Qxd5 3. Nf3 Bg4 4. Be2 Nc6 5. d4 O-O-O 6. Be3 e5 7. c4 Qa5+ 8.
Bd2 Bb4 9. d5 Bxf3 10. Bxf3 Nd4 11. Nc3 Qa6 12. b3 Qg6 13. O-O Nf6 14. a3 Bd6
15. Be3 Nc2 16. Bxa7 Nxa1 17. c5 e4 18. cxd6 exf3 19. Qxf3 Rxd6 20. Rxa1 Rhd8
21. Bc5 R6d7 22. d6 Qh5 23. Na4 Qxf3 24. gxf3 b5 25. Nc3 cxd6 26. Bb6 Re8 27.
Nxb5 Kb7 28. Bd4 Nd5 29. Rd1 Nf4 30. Be3 Ne6 31. Rxd6 Kc8 32. Na7+ Kd8 33.
Rxd7+ Kxd7 34. b4 Nc7 35. Kf1 Nd5 36. Bd4 Kc7 37. Nb5+ Kc6 38. Na7+ Kb7 39. Nb5
Ra8 40. Nd6+ Kc6 41. Nxf7 Rxa3 42. Ng5 h6 43. Ne4 g6 44. Bg7 h5 45. Kg2 Nxb4
46. Bf8 Rb3 47. Nd2 Rb2 48. Nc4 Rb1 49. Nd2 Rb2 50. Nc4 Rb1 51. Nd2 Rb2 1/2-1/2

[Event "TOP 16 Jeunes "]
[Site "Agneaux"]
[Date "2010.05.23"]
[Round "9.3"]
[White "Allamel, Benjamin"]
[Black "Le Pen, Steven"]
[Result "1-0"]
[WhiteElo "1600"]
[BlackElo "1722"]
[PlyCount "69"]
[EventDate "2010.05.23"]
[EventType "team-match"]
[EventCountry "FRA"]

1. d4 Nf6 2. c4 g6 3. d5 c5 4. Nc3 d6 5. e4 e5 6. f4 Ng4 7. Be2 h5 8. fxe5 Nxe5
9. Nf3 Bg7 10. Bd2 Nxf3+ 11. Bxf3 Be5 12. g3 Bh3 13. Qe2 Qf6 14. O-O-O Nd7 15.
Qd3 Bd4 16. Be2 Ne5 17. Qc2 a6 18. Bf1 Bg4 19. Be2 Qe7 20. h3 Bxe2 21. Nxe2 Nf3
22. Nxd4 Nxd4 23. Qd3 b5 24. Rde1 O-O 25. Bc3 bxc4 26. Qxc4 Qg5+ 27. Kb1 Nf3
28. Ref1 Qxg3 29. Qd3 Qh4 30. Qxf3 f5 31. Qf4 Qe7 32. Qh6 Qxe4+ 33. Ka1 Kf7 34.
Qh7+ Ke8 35. Re1 1-0

[Event "TOP 16 Jeunes "]
[Site "Agneaux"]
[Date "2010.05.23"]
[Round "9.4"]
[White "Dias, Theodore"]
[Black "Chardon, Xavier"]
[Result "0-1"]
[WhiteElo "1738"]
[BlackElo "1658"]
[PlyCount "114"]
[EventDate "2010.05.23"]
[EventType "team-match"]
[EventCountry "FRA"]

1. e4 c6 2. d4 d5 3. Nc3 dxe4 4. Nxe4 Nf6 5. Nxf6+ exf6 6. Bf4 Qb6 7. Rb1 Be6
8. c4 Bxc4 9. Bxc4 Qb4+ 10. Qd2 Qxc4 11. b3 Qd5 12. Nf3 Qe4+ 13. Qe3 Bb4+ 14.
Ke2 Qe6 15. Rbc1 O-O 16. Qxe6 fxe6 17. Rc4 a5 18. Rd1 Nd7 19. Rd3 Nb6 20. Rc1
Nd5 21. Bg3 Ba3 22. Rc4 Rfc8 23. Rd1 Bb2 24. Rd2 Bc3 25. Rc2 Bb4 26. Nd2 Nb6
27. Rc5 Bxc5 28. dxc5 Nd5 29. Ne4 Nb4 30. Rd2 Rd8 31. Nd6 Rd7 32. f3 Nd5 33.
Kd3 e5 34. Re2 b6 35. Kc4 Nb4 36. Rd2 b5+ 37. Kc3 Na6 38. Bf2 Nc7 39. Be3 Nd5+
40. Kd3 Nxe3 41. Kxe3 b4 42. Ke4 a4 43. Kf5 Kf8 44. Ke6 Re7+ 45. Kf5 axb3 46.
axb3 Ra3 47. Rb2 Rea7 48. Nc8 R7a5 49. Nb6 Ra2 50. Nc4 R5a3 51. Rb1 Ra6 52. Ne3
Re2 53. Ke4 Raa2 54. Kd3 Rad2+ 55. Ke4 g6 56. f4 f5+ 57. Kf3 e4+ 0-1

[Event "TOP 16 Jeunes "]
[Site "Agneaux"]
[Date "2010.05.23"]
[Round "9.5"]
[White "Arnaud Audiffren, Alexandre"]
[Black "Terrazzoni, Claire"]
[Result "0-1"]
[WhiteElo "1556"]
[BlackElo "1620"]
[PlyCount "76"]
[EventDate "2010.05.23"]
[EventType "team-match"]
[EventCountry "FRA"]

1. d4 d5 2. Bf4 Nf6 3. e3 g6 4. Nf3 Bg7 5. h3 O-O 6. Bd3 b6 7. c3 Bb7 8. Nbd2
c5 9. Ne5 Nbd7 10. g4 Nxe5 11. Bxe5 Nd7 12. Bxg7 Kxg7 13. h4 e5 14. dxe5 Nxe5
15. Nf1 d4 16. e4 dxc3 17. Bc2 Qxd1+ 18. Rxd1 cxb2 19. Rb1 Nxg4 20. Rxb2 Rfe8
21. f3 Ne5 22. Ke2 f5 23. Ba4 Ba6+ 24. Bb5 Bxb5+ 25. Rxb5 Nc6 26. Ke3 Nb4 27.
Kf4 Kf6 28. a3 Nd3+ 29. Ke3 Ne5 30. Nd2 c4 31. Rc1 Rac8 32. Kd4 Nc6+ 33. Kc3
Red8 34. Nxc4 Ne5 35. Kb3 Rd3+ 36. Kb4 a5+ 37. Ka4 Rxc4+ 38. Rxc4 Nxc4 0-1

[Event "TOP 16 Jeunes "]
[Site "Agneaux"]
[Date "2010.05.23"]
[Round "9.6"]
[White "Eugene, Floryan"]
[Black "Apap, Hugo"]
[Result "0-1"]
[WhiteElo "1690"]
[BlackElo "1580"]
[PlyCount "86"]
[EventDate "2010.05.23"]
[EventType "team-match"]
[EventCountry "FRA"]

1. e4 d6 2. d4 Nf6 3. Nc3 Nbd7 4. Nf3 e5 5. Bc4 Be7 6. O-O O-O 7. Re1 c6 8. Be3
b5 9. Bb3 b4 10. Ne2 Nxe4 11. Qd3 Nef6 12. Ng3 Qc7 13. Rad1 a5 14. c3 Ba6 15.
Qf5 g6 16. Qc2 Rfe8 17. h3 exd4 18. Bxd4 c5 19. cxb4 axb4 20. Ng5 c4 21. Ba4 h6
22. Nf3 Bb7 23. Nd2 d5 24. Nf3 Bc6 25. Bxc6 Qxc6 26. b3 Qc8 27. Qb2 c3 28. Qc2
Nc5 29. Bxf6 Bxf6 30. Rxe8+ Qxe8 31. Rxd5 Qc6 32. Rd1 Qa6 33. Ra1 Qa3 34. Ne4
Nxe4 35. Qxe4 c2 36. Re1 c1=Q 37. Rxc1 Qxc1+ 38. Kh2 Rxa2 39. Ne1 Qc3 40. Nd3
Qxb3 41. Nc1 Qc2 42. Qe8+ Kg7 43. Nxa2 Qxa2 0-1

[Event "TOP 16 Jeunes "]
[Site "Agneaux"]
[Date "2010.05.23"]
[Round "9.1"]
[White "Romero, Vladimir"]
[Black "Aflalo, Sophie"]
[Result "0-1"]
[WhiteElo "1867"]
[BlackElo "2015"]
[PlyCount "64"]
[EventDate "2010.05.23"]
[EventType "team-match"]
[EventCountry "FRA"]

1. e4 c5 2. Nf3 Nc6 3. d4 cxd4 4. Nxd4 Nf6 5. Nc3 e5 6. Ndb5 d6 7. Bg5 a6 8.
Na3 b5 9. Bxf6 gxf6 10. Nd5 Bg7 11. Bd3 Be6 12. c4 bxc4 13. Nxc4 Bxd5 14. exd5
Nd4 15. Qg4 Kf8 16. O-O h5 17. Qh3 Bh6 18. Ne3 h4 19. Kh1 a5 20. Nf5 Nxf5 21.
Bxf5 Rb8 22. Rab1 Qb6 23. Qxh4 Ke7 24. Qa4 Rb7 25. Qe4 Qa7 26. a3 Rbb8 27. f4
Rb3 28. fxe5 dxe5 29. d6+ Kf8 30. d7 Kg7 31. Qd5 Rbb8 32. Rbd1 Qc7 0-1

[Event "TOP 16 Jeunes "]
[Site "Agneaux"]
[Date "2010.05.23"]
[Round "9.2"]
[White "Lemeille, Francois"]
[Black "Clement, Alexandre"]
[Result "1-0"]
[WhiteElo "1966"]
[BlackElo "1862"]
[PlyCount "73"]
[EventDate "2010.05.23"]
[EventType "team-match"]
[EventCountry "FRA"]

1. e4 e6 2. d4 d5 3. Nd2 Nf6 4. e5 Nfd7 5. f4 c5 6. c3 Nc6 7. Ndf3 Qb6 8. g3 f6
9. h4 cxd4 10. cxd4 Bb4+ 11. Kf2 fxe5 12. fxe5 Ndxe5 13. Kg2 Nf7 14. Bd3 Bd7
15. Ne2 Bd6 16. Bg5 O-O 17. Bc2 e5 18. dxe5 Ncxe5 19. Rf1 Nxf3 20. Rxf3 Nxg5
21. hxg5 Bc6 22. Qd3 g6 23. Bb3 Rxf3 24. Qxf3 Rf8 25. Bxd5+ Bxd5 26. Qxd5+ Kh8
27. Qd4+ Qxd4 28. Nxd4 Be5 29. Nf3 Bxb2 30. Rb1 Bc3 31. Rxb7 a5 32. Rc7 Bb4 33.
Ne5 Re8 34. Ng4 Be7 35. Nf6 Bxf6 36. gxf6 Re6 37. Rc8+ 1-0

[Event "TOP 16 Jeunes "]
[Site "Agneaux"]
[Date "2010.05.23"]
[Round "9.3"]
[White "Quinqueneau, Dylan"]
[Black "Zychowski, Antoine"]
[Result "0-1"]
[WhiteElo "1650"]
[BlackElo "1703"]
[PlyCount "96"]
[EventDate "2010.05.23"]
[EventType "team-match"]
[EventCountry "FRA"]

1. e4 e5 2. Nf3 Nc6 3. Bb5 a6 4. Ba4 Nf6 5. d4 Nxe4 6. O-O Be7 7. dxe5 Nc5 8.
Bb3 Nxb3 9. axb3 O-O 10. Nc3 d6 11. Bf4 dxe5 12. Nxe5 Nxe5 13. Bxe5 Bf5 14. Nd5
Bd6 15. Bxd6 Qxd6 16. Ne3 Qg6 17. Nd5 Qd6 18. Ne3 Qc5 19. Qe2 Rfe8 20. Rad1 Be6
21. Rd2 a5 22. Rfd1 h6 23. Qf3 c6 24. Qg3 Qe7 25. h3 Rec8 26. Ng4 Bxg4 27. Qxg4
Rd8 28. Rd7 Rxd7 29. Qxd7 Re8 30. Qxe7 Rxe7 31. Kf1 f6 32. Rd4 Kf7 33. Ra4 b6
34. Rd4 c5 35. Rd6 Rb7 36. Ke2 Ke7 37. Rd3 Rd7 38. Rxd7+ Kxd7 39. c4 Ke6 40. g4
Ke5 41. Ke3 g5 42. f4+ gxf4+ 43. Kf3 f5 44. gxf5 Kxf5 45. Kf2 Ke4 46. Ke2 f3+
47. Kf2 Kf4 48. b4 axb4 0-1

[Event "TOP 16 Jeunes "]
[Site "Agneaux"]
[Date "2010.05.23"]
[Round "9.4"]
[White "Lam Roques, Calvin"]
[Black "Bellaiche, Elise"]
[Result "1/2-1/2"]
[WhiteElo "1817"]
[BlackElo "1865"]
[PlyCount "125"]
[EventDate "2010.05.23"]
[EventType "team-match"]
[EventCountry "FRA"]

1. e4 e6 2. d4 d5 3. exd5 exd5 4. Nf3 Bd6 5. Bd3 Nf6 6. Bg5 Bg4 7. Nbd2 Nbd7 8.
O-O O-O 9. c3 c6 10. Qc2 Qc7 11. Rae1 Rae8 12. Bf5 Bxf5 13. Qxf5 h6 14. Bxf6
Nxf6 15. Ne5 Qc8 16. Qd3 Re7 17. f4 Rfe8 18. Re2 c5 19. Rfe1 cxd4 20. cxd4 Bb4
21. a3 Bxd2 22. Rxd2 Rc7 23. h3 Ne4 24. Rdd1 a6 25. Qf1 Ree7 26. f5 Rc2 27. Nd3
a5 28. Nc5 Rf2 29. Qb5 Qxf5 30. Nxe4 dxe4 31. Qxf5 Rxf5 32. d5 Rfe5 33. Rd4 e3
34. d6 Rd7 35. Rd3 Re6 36. Rexe3 Rxe3 37. Rxe3 Rxd6 38. Re8+ Kh7 39. Re7 Rd1+
40. Kh2 b6 41. Rxf7 Rd2 42. b3 Rd3 43. Rf3 Rxf3 44. gxf3 Kg6 45. Kg3 Kf5 46. a4
g5 47. Kg2 Kf4 48. Kf2 h5 49. Kg2 Kf5 50. Kf2 h4 51. Ke2 Ke6 52. Ke3 Ke5 53.
Kd3 Kd6 54. Kd2 Kc5 55. Kc3 b5 56. axb5 Kxb5 57. Kc2 Kc6 58. Kc3 Kc5 59. Kd3
Kd5 60. Ke3 Ke5 61. Ke2 Kf4 62. Kf2 Kf5 63. Ke3 1/2-1/2

[Event "TOP 16 Jeunes "]
[Site "Agneaux"]
[Date "2010.05.23"]
[Round "9.5"]
[White "Ek, Alexandre"]
[Black "Joudelat, Noemie"]
[Result "1-0"]
[WhiteElo "1844"]
[BlackElo "1785"]
[PlyCount "85"]
[EventDate "2010.05.23"]
[EventType "team-match"]
[EventCountry "FRA"]

1. e4 c5 2. c3 d6 3. d4 cxd4 4. cxd4 Nc6 5. Nf3 Nf6 6. Nc3 g6 7. Bc4 Bg7 8. O-O
Bg4 9. Be3 O-O 10. h3 Bd7 11. Rc1 Rc8 12. Qe2 a6 13. a4 Na5 14. Ba2 Nc6 15. e5
dxe5 16. dxe5 Ne8 17. e6 fxe6 18. Ng5 Nc7 19. Bb6 Bh6 20. Nxe6 Bxe6 21. Bxe6+
Kh8 22. Rcd1 Qe8 23. Bxc8 Qxc8 24. Bxc7 Qxc7 25. Nd5 Qa5 26. Nxe7 Qxa4 27. Nxc6
Qxc6 28. Rfe1 Bg7 29. Rd3 Qb6 30. Rf3 Rxf3 31. Qxf3 Qb5 32. Qf7 h5 33. Qxg6 Bf8
34. Re8 Qc5 35. Qf7 Qc1+ 36. Kh2 Qh6 37. Rxf8+ Qxf8 38. Qxf8+ Kh7 39. Kg3 b5
40. Kf4 a5 41. Kf5 a4 42. Kf6 b4 43. Qg7# 1-0